000 00806ngm a22002890a 4500
001 PT25727
003 AR-LpoUNG
005 20210202000405.0
007 vd cvaizq
008 191001s1942||||it |||||||||||||||||ita d
040 _aAR-LpoUNG
_bspa
_cAR-LpoUNG
_eaacr
041 _aita
044 _ait
082 0 _a320.53 437alf
100 1 _aDe Robertis, Francesco María
_edir.
245 1 0 _aAlfa Tau!
260 _as.l. :
_bs.n.,
_c[1942].
300 _aDVD (90 min.) : son., byn
505 0 _aDiálogos en italiano, sin subtítulos. Hecha en 1942
520 _aFilm de propaganda fascista realizada durante la guerra, dirigido por un capitán de marina.
653 _aCINE Y TOTALITARISMO
653 _aDVD
653 _aFASCISMO
653 _aVIDEOS
905 _a25727
942 _cDVD
999 _c54756
_d54756